000 00642cam a2200217 i 4500
001 3635975
005 20180131040205.0
008 751208s1976 mou b 101 0 eng
010 _a 75041380
020 _a0836206509.
_a0836206517
040 _aDLC
_cDLC
_dDLC
041 _aeng
080 _a330.1 MOS
082 0 0 _a330.1 MOS
100 _a52
101 _aEKO
245 1 4 _aThe economics of Ludwig von Mises :
_cedited with an introd. by Laurence S. Moss.
504 _aIncludes bibliographical references.
906 _a7
_bcbc
_corignew
_d1
_eocip
_f19
_gy-gencatlg
942 _2ddc
_cBK
999 _c41340
_d41340